01660nam a2200133Ia 4500020001800000082001200018100001800030245007700048260004600125300001400171504003300185520122400218650008401442 a9781785369728 a330.951 aChen, Chunlai 0aForeign direct investment and the Chinese economy: a critical assessment aCheltenhambEdward Elgar Publishingc2017 axii, 214p aInclude References and Index aForeign Direct Investment and the Chinese Economy provides a comprehensive overview of the impact of foreign direct investment, with extensive empirical evidence, on the Chinese economy over the last three and a half decades. Chunlai Chen presents a compelling and thorough analysis of the leading theoretical explanations of the impact of FDI through a series of rigorous and in-depth empirical investigations on China's regional economic growth, urban-rural income inequality and urbanization development. These case studies show that despite FDI's contribution to economic growth, reduction of income inequality and the rise in urbanization, there is further evidence of uneven regional distribution of FDI inflow. This has negatively affected economic growth, exacerbated income inequality and impeded urbanization of inland China. The book concludes by demonstrating that these findings have important policy implications, not only for China, but also for other developing countries influenced by the implementation of FDI policies. This work of highly focused theoretical analysis is an invaluable resource for scholars and students of economics as well as policy-makers who are interested in the Chinese economy. aEconomic historyvForeign InvestmentsvInternational economic relationszChina